| 000 | 01541nam a2200229Ia 4500 | ||
|---|---|---|---|
| 999 |
_c55753 _d55753 |
||
| 001 | 22848 | ||
| 003 | GE_BSU | ||
| 005 | 20230524171142.0 | ||
| 008 | 181216s ||||ge |||||||||||||| ||geo|| | ||
| 020 | _a978-99940-60-31-3 | ||
| 040 | _cGE_BSU | ||
| 041 | _ageo | ||
| 080 | _a821.112.2(436)-1 მ-46 | ||
| 245 |
_aმე-20 საუკუნის ავსტრიული ლირიკა = Osterreichische Lyrik des 20. Jahrhunderts : _bმასალები ტ. 4 ანტონ ვილდგანსი, ალბერტ ერენშტაინი, ფელიქს ბრაუნი / _cიდეის ავტ. და ხელმძღვ. დათო ბარბაქაძე ; მრჩეველთა კოლ. : ბ. ადეიშვილი, ნ. გოგოლაშვილი და სხვა ; მთარგმნ. : მაია ბადრიძე, დალილა ბედიანიძე, ნანა გოგოლაშვილი და სხვა. |
||
| 264 |
_aთბილისი : _bსაარი, _c2007. |
||
| 300 |
_a394 გვ. ; _c20 სმ. |
||
| 500 | _aლექსები ქართულ და გერმანულ ენებზე | ||
| 541 | _h7 ლ. | ||
| 653 | _aმე-20 საუკუნის ავსტრიული ლირიკა | ||
| 653 | _aტ.4 : ანტონ ვილდგანსი, ალბერტ ერენშტაინი, ფელიქს ბრაუნი | ||
| 942 |
_cBK _2udc |
||